Music Quiz

Random Music Quiz

The Archer - Taylor Swift Quiz Stats

 Plays Quiz not verified by Sporcle

Support Sporcle.
Go Orange.
Score 0/254 Timer 10:00
0 Plays Today
Hint Answer % Correct
I'm
100%
ready
100%
for
100%
say
100%
don't
100%
want
100%
that
100%
but
100%
what
100%
if
100%
do
100%
'cause
100%
the
100%
I've
100%
a
100%
to
100%
you
100%
they
100%
they
100%
go
100%
the
100%
off
100%
never
100%
it's
100%
so
100%
me
100%
on
100%
to
100%
you
100%
ChorusI've
100%
been
100%
the
100%
archer
100%
I've
100%
been
100%
the
100%
who
100%
could
100%
ever
100%
leave
100%
me
100%
darling
100%
but
100%
who
100%
could
100%
stay
100%
for
100%
but
100%
what
100%
if
100%
I'm
100%
and
100%
off
100%
my
100%
to
100%
my
100%
my
100%
for
100%
and
100%
the
100%
a
100%
the
100%
on
100%
and
100%
all
100%
of
100%
my
100%
all
100%
me
100%
on
100%
to
100%
you
100%
ChorusI've
100%
been
100%
the
100%
archer
100%
I've
100%
been
100%
the
100%
who
100%
could
100%
ever
100%
leave
100%
me
100%
darling
100%
Hint Answer % Correct
but
100%
who
100%
could
100%
stay
100%
(I see right through me) x2
100%
Bridge'Cause
100%
they
100%
me
100%
they
100%
me
100%
they
100%
you
100%
me
100%
they
100%
they
100%
me
100%
x2me
100%
Pre-ChorusAll
100%
the
100%
all
100%
the
100%
me
100%
'cause
100%
all
100%
of
100%
my
100%
me
100%
on
100%
to
100%
you
100%
ChorusI've
100%
been
100%
the
100%
archer
100%
I've
100%
been
100%
the
100%
who
100%
could
100%
ever
100%
leave
100%
me
100%
darling
100%
but
100%
who
100%
could
100%
stay
100%
(I see right through me) x2who
100%
could
100%
x3stay
100%
you
100%
could
100%
x2stay
100%
Verse 1Combat
93.8%
combat
93.8%
I
93.8%
I
93.8%
I
93.8%
in
93.8%
out
93.8%
I
93.8%
said
93.8%
Pre-ChorusEasy
93.8%
come
93.8%
easy
93.8%
I
93.8%
from
93.8%
I
93.8%
I
93.8%
grew
93.8%
up
93.8%
getting
93.8%
old
93.8%
help
93.8%
hold
93.8%
prey
93.8%
I
93.8%
I
93.8%
cut
93.8%
nose
93.8%
just
93.8%
spite
93.8%
face
93.8%
I
93.8%
Pre-ChorusI
93.8%
Hint Answer % Correct
in
93.8%
I
93.8%
help
93.8%
hold
93.8%
prey
93.8%
see
93.8%
through
93.8%
see
93.8%
through
93.8%
see
93.8%
through
93.8%
see
93.8%
through
93.8%
see
93.8%
through
93.8%
see
93.8%
through
93.8%
I
93.8%
see
93.8%
through
93.8%
started
93.8%
out
93.8%
friends
93.8%
help
93.8%
hold
93.8%
prey
93.8%
cruelty
87.5%
movies
87.5%
hundred
87.5%
speeches
87.5%
almost
87.5%
jump
87.5%
ride
87.5%
alone
87.5%
right
87.5%
right
87.5%
hate
87.5%
reflection
87.5%
years
87.5%
years
87.5%
is
87.5%
alone
87.5%
right
87.5%
right
87.5%
right
87.5%
right
87.5%
right
87.5%
right
87.5%
right
87.5%
king's
87.5%
horses
87.5%
king's
87.5%
men
87.5%
couldn't
87.5%
put
87.5%
together
87.5%
again
87.5%
enemies
87.5%
wins
81.3%
got
81.3%
thrown
81.3%
wake
81.3%
like
81.3%
room
81.3%
fire
81.3%
invisible
81.3%
heroes
81.3%
die
81.3%
can
81.3%
train
75%
your
75%
night
75%
pace
75%
ghost
75%
smoke
75%
screaming
75%
Verse 2Dark
68.8%
side
68.8%
search
68.8%
dark
68.8%
side
68.8%
alright
62.5%
here
62.5%
then
62.5%

You're not logged in!

Compare scores with friends on all Sporcle quizzes.
OR
Log In

From the Vault

Click the Country: 'B' Cities

by beforever

To 'B' a city or not to 'B' a city, that is the question.
Remove Ads.
Support Sporcle.
Get the best of Sporcle when you Go Orange. This ad-free experience offers more features, more stats, and more fun while also helping to support Sporcle. Thank you for becoming a member.

Show Comments

Extras

Created Feb 20, 2020ReportNominate
Tags:Archer

Top Quizzes Today


Score Distribution

Your Account Isn't Verified!

In order to create a playlist on Sporcle, you need to verify the email address you used during registration. Go to your Sporcle Settings to finish the process.

Report this User

Report this user for behavior that violates our Community Guidelines.

Details: